| 000 | 00849nam0a22002651 4500 | ||
|---|---|---|---|
| 001 | rc\2811800 | ||
| 005 | 20250806210700.0 | ||
| 035 | _a(NLR Aleph) 006937634 | ||
| 090 |
_a64163 _c64163 |
||
| 100 | _a20110915d1944 u y0rusy50 ca | ||
| 101 | 0 | _arus | |
| 102 | _aRU | ||
| 105 | _aa z ||||| | ||
| 200 | 1 |
_aКраткий русско-латышский разговорник _f[Латыш. текст в рус. транскрипции разработ. Кудума] |
|
| 210 |
_aМосква _cВоен. изд-во _d1944 |
||
| 215 |
_a64 с. _cил., схем. _d8х11 см. |
||
| 702 | 1 |
_aКудума _4570 |
|
| 801 | 0 |
_aRU _bNLR _gpsbo |
|
| 801 | 1 |
_aRU _bELAR _2rusmarc |
|
| 852 |
_aNLR _bОНЛ |
||
| 942 | _cBOOK | ||
| 945 | _aРоссийская национальная библиотека | ||
| 980 | _aNB | ||
| 980 | _aBV | ||